| 000 | 00504nam a2200169 i 4500 | ||
|---|---|---|---|
| 001 | 90102 | ||
| 003 | ES-MaACL | ||
| 005 | 20230906180340.0 | ||
| 007 | t| | ||
| 008 | 050118s1968 sp ||||1| spa d | ||
| 100 | 1 |
_aLefebvre, Georges. _971224 |
|
| 245 | 1 | 3 |
_aLa unidad, misterio de vida / _cGeorges Lefebvre ; [traducción de Antonio Blanco Ruiz]. |
| 260 |
_aMadrid : _bCoculsa, _c1968. |
||
| 300 |
_a95 p. ; _c22 cm. |
||
| 700 | 1 |
_aBlanco Ruiz, Antonio. _929290 |
|
| 852 |
_aES-MaACL _jC-49868 _bR.65655 |
||
| 999 |
_c90102 _d90102 |
||